African American sahitya (Record no. 10531)

MARC details
000 -LEADER
fixed length control field 00527cam a2200205ua 4500
001 - CONTROL NUMBER
control field 11740
005 - DATE AND TIME OF LATEST TRANSACTION
control field 20260515114808.0
008 - FIXED-LENGTH DATA ELEMENTS--GENERAL INFORMATION
fixed length control field 191031n ii |||gr||||Z||||||asm
020 ## - INTERNATIONAL STANDARD BOOK NUMBER
International Standard Book Number 9788172133283
040 ## - CATALOGING SOURCE
Transcribing agency MAIN
082 ## - DEWEY DECIMAL CLASSIFICATION NUMBER
Classification number 896
100 ## - MAIN ENTRY--PERSONAL NAME
Personal name Karabi Hazarika,
Relator term Author.
245 ## - TITLE STATEMENT
Title African American sahitya
Statement of responsibility, etc. By Karabi Hazarika
250 ## - EDITION STATEMENT
Edition statement 1st ed.
260 ## - PUBLICATION, DISTRIBUTION, ETC.
Place of publication, distribution, etc. Guwahati:
Name of publisher, distributor, etc. Purbanchal Prakash,
Date of publication, distribution, etc. 2017.
300 ## - PHYSICAL DESCRIPTION
Extent 176p.
653 ## - INDEX TERM--UNCONTROLLED
Uncontrolled term African literatures
653 ## - INDEX TERM--UNCONTROLLED
Uncontrolled term African American Literature
942 ## - ADDED ENTRY ELEMENTS (KOHA)
Koha item type Books
Holdings
Withdrawn status Lost status Damaged status Not for loan Home library Current library Shelving location Date acquired Total checkouts Full call number Barcode Date last seen Date last checked out Copy number Price effective from Koha item type
        Naharkatiya College Library Naharkatiya College Library General stacks 09/19/2020 1 896English Literature | HAZ 24753 03/05/2025 02/24/2025 1 09/19/2020 Books